[Event "Asian Schools-ch U15 Girls 11th"]
[Site "Singapore"]
[Date "2015.06.01"]
[Round "2.1"]
[White "Tejaswini, Sagar"]
[Black "Kohombanarachchi, Dinali"]
[Result "1-0"]
[WhiteElo "2004"]
[BlackElo "1109"]
[PlyCount "45"]
[EventDate "2015.05.31"]
[EventType "swiss"]
[EventRounds "7"]
[EventCountry "SIN"]
[SourceTitle "EXT 2024"]
[Source "ChessBase"]
[SourceDate "2023.10.10"]
[SourceVersion "1"]
[SourceVersionDate "2023.10.10"]
[SourceQuality "1"]

1. e4 e5 2. Nf3 Nc6 3. Bc4 Bc5 4. 0-0 Nf6 5. d4 Bb6 6. dxe5 Nxe4 7. Qd5 0-0 8. Qxe4 Ne7 9. Nc3 h6 10. Bf4 c6 11. Rad1 Bc7 12. Rfe1 Qe8 13. h4 Kh8 14. h5 Bd8 15. Bd3 g6 16. hxg6 Nxg6 17. Bxh6 Rg8 18. Nd4 Be7 19. Re3 Qd8 20. Nf5 d5 21. exd6 Bxd6 22. Rh3 Be7 23. Bg7# 1-0